| 000 | 00688nam a22002177a 4500 | ||
|---|---|---|---|
| 003 | OSt | ||
| 005 | 20241113171252.0 | ||
| 008 | 241113b |||||||| |||| 00| 0 eng d | ||
| 020 | _a9798400211263 | ||
| 040 |
_bENGLISH _cCentral University Library |
||
| 050 | _aHC 605 T45 INT | ||
| 100 | _aGelos, Gaston, Sahay Ratna (eds) | ||
| 110 | _aInternational Monetary Fund | ||
| 245 |
_aShocks and Capital Flow _bPolicy Responses in a volatile World |
||
| 260 |
_aWashington DC _bIMF _c2023 |
||
| 300 | _bxx, 490 | ||
| 500 | _aincludes bibliographic references and index | ||
| 600 | _2fiscal policy, capital movements | ||
| 700 | _aGelos, Gaston and Sahay,Ratna (eds) | ||
| 942 |
_2lcc _cBK _n0 |
||
| 999 |
_c1143 _d1143 |
||